000 00661nam a22002297a 4500
003 UA-OsUOA
001 74630
007 ta
008 20110414b un ||||| |||| 00| 0 ukr d
100 _aДмитриева О.
700 _aУшаков Д.
090 _a330
_bД53
942 _cSA
040 _aUA-OsUOA
_brus
_cUA-OsUOA
_dUA-OsUOA
245 _aИнфляция спроса и инфляция издержек: причины формирования и формы распространения
300 _aС.40-53
955 _a0
041 _arus
080 _a330
773 0 _w74628
650 7 _a330 Економіка взагалі
_2UDC
999 _c360922
_d360922